La oración de corazón mística y yoga de la Iglesia Oriental (Record no. 34370)

MARC details
000 -LEADER
campo de control de longitud fija 00644nam a2200181 i 4500
001 - NÚMERO DE CONTROL
campo de control 34370
003 - IDENTIFICADOR DE NÚMERO DE CONTROL
campo de control ES-MaACL
005 - FECHA Y HORA DE LA ÚLTIMA TRANSACCIÓN
campo de control 20230906154924.0
007 - CAMPO FIJO DE DESCRIPCIÓN FÍSICA--INFORMACIÓN GENERAL
campo de control de longitud fija t|
008 - DATOS DE LONGITUD FIJA--INFORMACIÓN GENERAL
campo de control de longitud fija 030204s1963 sp ||||1| spa d
100 1# - ENTRADA PRINCIPAL--NOMBRE DE PERSONA
Nombre de persona Bloom, André.
9 (RLIN) 29555
245 13 - MENCIÓN DEL TÍTULO
Título La oración de corazón mística y yoga de la Iglesia Oriental
Resto del título : la centuria de los monjes Calixto e Ignacio /
Mención de responsabilidad, etc. André Bloom ; conclusión por Gebh Frei ; versión española de José Luis Albizu.
260 ## - PUBLICACIÓN, DISTRIBUCIÓN, ETC.
Lugar de publicación, distribución, etc. Madrid :
Nombre del editor, distribuidor, etc. Studium,
Fecha de publicación, distribución, etc. 1963.
300 ## - DESCRIPCIÓN FÍSICA
Extensión 154 p. ;
Dimensiones 19 cm.
700 1# - ENTRADA AGREGADA--NOMBRE PERSONAL
Nombre de persona Frei, Gebh.
9 (RLIN) 52443
700 1# - ENTRADA AGREGADA--NOMBRE PERSONAL
Nombre de persona Albizu, José Luis.
9 (RLIN) 19396
852 ## - LOCALIZACIÓN
Ubicación ES-MaACL
Número de control de estantería C-25066
Sublocalización o colección R.53676
Holdings
Estatus retirado Estado de pérdida Estado de daño No para préstamo Biblioteca de origen Biblioteca actual Ubicación en estantería Fecha de adquisición Fuente de adquisición Total de préstamos Signatura topográfica completa Código de barras Visto por última vez Precio de reemplazo Tipo de ítem Koha
        Biblioteca del Ateneo de Madrid Biblioteca del Ateneo de Madrid Depósito 2 17/01/2008     C-25066 1035847 23/02/2023 23/02/2023 Libro impreso